| 000 -ლიდერი |
| ფიქსირებული სიგრძის საკონტროლო ველი |
01395nam a2200277Ia 4500 |
| 001 - საკონტროლო ნომერი |
| საკონტროლო ველი |
7100 |
| 003 - საკონტროლო ნომრის იდენტიფიკატორი |
| საკონტროლო ველი |
GE_BSU |
| 005 - ბოლო ოპერაციის თარიღი და დრო |
| საკონტროლო ველი |
20231106112920.0 |
| 008 - ფიქსირებული სიგრძის მონაცემთა ელემენტები - ზოგადი ინფორმაცია |
| ფიქსირებული სიგრძის საკონტროლო ველი |
181216s2006||||ge |||||||||||||| ||geo|| |
| 010 ## - კონგრესის ბიბლიოთეკის საკონტროლო ნომერი |
| LC საკონტროლო ნომერი |
9994053299 |
| 040 ## - კატალოგიზაციის წყარო |
| Transcribing agency |
GE_BSU |
| 041 ## - ენის კოდი |
| Language code of text/sound track or separate title |
geo |
| 080 ## - უნივერსალური ათობითი კლასიფიკაციის ინდექსი |
| Universal Decimal Classification number |
821.111-312.4 დ-69 |
| 100 ## - მთავარი ჩანაწერი - პიროვნების სახელი |
| Personal name |
დოილი, ართურ კონან |
| 9 (RLIN) |
20282 |
| 245 ## - ცნობა სათაურის შესახებ |
| Title |
შერლოკ ჰოლმსის თავგადასავალი : |
| Remainder of title |
მოთხრობები / |
| Statement of responsibility, etc |
ართურ კონან დოილი ; თარგმნ. ელგუჯა მაღრაძისა ; სარედ. ჯგ. თამარ მამაცაშვილი და სხვ ; მხატვ. ზურაბ ნიკოლაიშვილი. |
| 260 ## - გამოქვეყნების, გავრცელების, და სხვა. ცნობები |
| Place of publication, distribution, etc |
. |
| 264 ## - წარმოების, გამოცემის, დისტრიბუციის და სხვა ცნობები |
| გამოცემის, წარმოების, დისტრიბუციის... ადგილი |
თბილისი : |
| გამოცემის, წარმოების, დისტრიბუციის... სახელწოდება |
პალიტრა L, |
| გამოცემის, წარმოების, დისტრიბუციის... თარიღი |
?. |
| 300 ## - ფიზიკური აღწერა |
| Extent |
416 გვ. ; |
| Dimensions |
20 სმ. |
| 653 ## - INDEX TERM--UNCONTROLLED |
| Uncontrolled term |
მოთხრობები |
| 653 ## - INDEX TERM--UNCONTROLLED |
| Uncontrolled term |
შერლოკ ჰოლმსის თავგადასავალი |
| 700 ## - ADDED ENTRY--PERSONAL NAME |
| Personal name |
მაღრაძე, ელგუჯა |
| Relator term |
მთარგმნელი |
| 9 (RLIN) |
20283 |
| 700 ## - ADDED ENTRY--PERSONAL NAME |
| Personal name |
მამაცაშვილი, თამარ |
| Relator term |
რედაქტორი |
| 9 (RLIN) |
20284 |
| 700 ## - ADDED ENTRY--PERSONAL NAME |
| Personal name |
ნიკოლაიშვილი, ზურაბ |
| Relator term |
მხატვარი |
| 9 (RLIN) |
10170 |
| 942 ## - ADDED ENTRY ELEMENTS (KOHA) |
| Koha item type |
წიგნი |
| Source of classification or shelving scheme |
|